Normal view
MARC view
Entry Personal Name
001 - CONTROL NUMBER
- control field: 4186
003 - CONTROL NUMBER IDENTIFIER
- control field: BD-DhEWU
005 - DATE AND TIME OF LATEST TRANSACTION
- control field: 20140223035919.0
008 - FIXED-LENGTH DATA ELEMENTS
- fixed length control field: 140223|| aca||aabn | a|a d
040 ## - CATALOGING SOURCE
- Original cataloging agency: BD-DhEWU
- Transcribing agency: BD-DhEWU
100 ## - HEADING--PERSONAL NAME
- Personal name: Roemer, Michael,
- Dates associated with a name: 1937-1996.
670 ## - SOURCE DATA FOUND
- Source citation: Work cat.: (BD-DhEWU)1748: Roemer, Michael, 1937-1996., Cases in economic development :, c1981.